00545nam a22001577a 450000500170000001000150001702000260003203500140005803700130007208200110008510000200009624500750011626000420019127001340023330000200036720241213121705.0 aENG-143016 c110.00a9789393106698 aEN-126548 bDBAD/PUB a881.02 aG. Adarsh Kumar aThe Fact in the Fiction:b(Informative Literature)/cby G Adarsh Kumar aThrissurbHornbill Publicationsc2023 bThrissuraNo. 38, Garden Villas, Thanikukudam, Kurichikkara Post,e680028k8113841118k9446373421mhornbillpublications@gmail.com a72p.c22cm(pbk)